[Event "World Senior 65+ 2014"]
[Site "Katerini GRE"]
[Date "2014.10.29"]
[Round "6.45"]
[White "Shamis, Mordehay"]
[Black "Mitsakos, Achilleas"]
[Result "1-0"]
[WhiteElo "1824"]
[BlackElo "1584"]
[WhiteFideId "2808374"]
[BlackFideId "4207726"]
[EventDate "2014.10.24"]

1. e4 e5 2. Nf3 Nc6 3. Bc4 Nf6 4. d4 Nxe4 5. dxe5 Nc5 6. Be3 Ne6 7. O-O Be7 8.
Nc3 O-O 9. Nd5 d6 10. Nxe7+ Nxe7 11. exd6 cxd6 12. c3 d5 13. Bd3 f5 14. Qc2 Ng6
15. Bxf5 Nef4 16. Bxc8 Rxc8 17. Bxf4 Nxf4 18. Rad1 Qf6 19. Ne1 Qg5 20. Kh1 Rc6
21. g3 Nh3 22. Qd2 Qf5 23. Qxd5+ Qxd5+ 24. Rxd5 Nxf2+ 25. Kg2 Ng4 26. Rxf8+ Kxf8
27. Rd7 Rb6 28. b3 Nf6 29. Rd4 Re6 30. Kf1 Ne4 31. Rd3 Rf6+ 32. Ke2 Re6 33. Rf3+
Ke7 34. Kd1 Rd6+ 35. Kc1 g5 36. Nc2 Nf6 37. Nd4 Kf7 38. g4 Kg6 39. h3 a6 40. Kc2
h5 41. gxh5+ Nxh5 42. Ne2 Re6 43. Kd2 Nf6 44. Ng3 Nh5 45. Nxh5 Kxh5 46. Rf7 b5
47. Rh7+ Kg6 48. Rh8 Kg7 49. Rb8 Kg6 50. c4 bxc4 51. bxc4 Kh5 52. Rh8+ Kg6 53.
Kd3 Kf5 54. a4 Rd6+ 55. Kc3 Kf4 56. c5 Rd1 57. Kb4 Rc1 58. Rh6 Kg3 59. c6 Kf4
60. Ka5 Ke5 61. Kb6 Rc4 62. a5 Kd5 63. c7 Rc5 64. Rg6 Rc3 65. Rxg5+ Kd6 66. Rg6+
Kd7 67. Rg7+ Kd6 68. h4 1-0

[Event "World Senior 65+ 2014"]
[Site "Katerini GRE"]
[Date "2014.10.31"]
[Round "7.2"]
[White "Suba, Mihai"]
[Black "Kupreichik, Viktor D"]
[Result "1/2-1/2"]
[WhiteTitle "GM"]
[BlackTitle "GM"]
[WhiteElo "2341"]
[BlackElo "2405"]
[WhiteFideId "1203363"]
[BlackFideId "13500066"]
[EventDate "2014.10.24"]

1. c4 e6 2. Nc3 d5 3. d4 Nf6 4. Nf3 dxc4 5. e3 a6 6. a4 c5 7. Bxc4 Nc6 8. O-O
Be7 9. Qe2 cxd4 10. Rd1 O-O 11. exd4 Nb4 12. Ne5 Nfd5 13. Bb3 Bd7 14. Bd2 Rc8
15. Rac1 Be8 16. Nxd5 Nxd5 17. Ba5 b6 18. Bd2 Rxc1 19. Rxc1 Nb4 20. Bxb4 Bxb4
21. Rd1 b5 22. d5 exd5 23. Bxd5 Qe7 24. Qe4 Bd6 25. Nc6 1/2-1/2

[Event "World Senior 65+ 2014"]
[Site "Katerini GRE"]
[Date "2014.10.31"]
[Round "7.3"]
[White "Zhelnin, Vladimir V"]
[Black "Pritchett, Craig W"]
[Result "1-0"]
[WhiteTitle "IM"]
[BlackTitle "IM"]
[WhiteElo "2471"]
[BlackElo "2315"]
[WhiteFideId "4105567"]
[BlackFideId "2400065"]
[EventDate "2014.10.24"]

1. e4 c5 2. Nf3 e6 3. d4 cxd4 4. Nxd4 a6 5. Bd3 Nf6 6. O-O d6 7. Nd2 Be7 8. c3
O-O 9. f4 Nc6 10. N2f3 Qc7 11. Kh1 e5 12. Nc2 exf4 13. Bxf4 Nh5 14. Bd2 Bg4 15.
Ne3 Nf6 16. Qc2 g6 17. Rae1 Rac8 18. Bc4 Bxf3 19. gxf3 b5 20. Be2 Rfd8 21. a4
Rb8 22. axb5 axb5 23. Rd1 Ne5 24. Qb3 Qb7 25. Bc1 Rdc8 26. Nd5 Nxd5 27. Qxd5 b4
28. Qxb7 Rxb7 29. Ba6 Rcb8 30. Bxb7 Rxb7 31. Bf4 bxc3 32. Bxe5 dxe5 33. bxc3 Rc7
34. Rd3 Kg7 35. Kg2 Bg5 36. Rf2 Bf4 37. Rc2 Rc4 38. Kf1 h5 39. Rd1 h4 40. h3 Rc7
41. Ke2 Bg5 42. Rd5 Kf6 43. c4 Ke6 44. c5 Rc6 45. Rb2 1-0

[Event "World Senior 65+ 2014"]
[Site "Katerini GRE"]
[Date "2014.10.31"]
[Round "7.4"]
[White "Balashov, Yuri S"]
[Black "Singer, Hans"]
[Result "1-0"]
[WhiteTitle "GM"]
[BlackTitle "FM"]
[WhiteElo "2429"]
[BlackElo "2207"]
[WhiteFideId "4100263"]
[BlackFideId "1600800"]
[EventDate "2014.10.24"]

1. d4 d5 2. c4 e6 3. Nc3 c5 4. cxd5 exd5 5. Nf3 Nc6 6. g3 Nf6 7. Bg2 h6 8. O-O
Be6 9. b3 Rc8 10. Bb2 Be7 11. Rc1 O-O 12. dxc5 Bxc5 13. Na4 Bd6 14. Nc5 Qe7 15.
Nxe6 fxe6 16. Nh4 Rfe8 17. Ng6 Qf7 18. Qd3 Nb4 19. Qb1 Rxc1 20. Rxc1 Ng4 21. Bf3
Nf6 22. a3 Nc6 23. b4 Nd7 24. Bg2 Nce5 25. Nxe5 Bxe5 26. e4 Qf6 27. Bxe5 Qxe5
28. Re1 dxe4 29. Bxe4 Qb5 30. Qd1 Nf8 31. Qd4 a5 32. Rc1 axb4 33. Rc7 e5 34.
Bd5+ Kh8 35. Qg4 1-0

[Event "World Senior 65+ 2014"]
[Site "Katerini GRE"]
[Date "2014.10.31"]
[Round "7.5"]
[White "Lederman, Leon"]
[Black "Zakharov, Alexander"]
[Result "0-1"]
[WhiteTitle "IM"]
[BlackTitle "IM"]
[WhiteElo "2233"]
[BlackElo "2331"]
[WhiteFideId "2800403"]
[BlackFideId "4103564"]
[EventDate "2014.10.24"]

1. e4 c5 2. Nf3 d6 3. d4 cxd4 4. Nxd4 Nf6 5. Nc3 a6 6. f4 g6 7. Bd3 Bg7 8. a4
Nc6 9. Nf3 Qb6 10. Qe2 O-O 11. Rb1 Bg4 12. Be3 Qa5 13. O-O Nd7 14. Qe1 Bxf3 15.
Rxf3 Rab8 16. Rh3 Nf6 17. Kh1 Ng4 18. Bg1 h5 19. b4 Qd8 20. b5 axb5 21. axb5 Nd4
22. Nd5 Ne6 23. Rf3 Nc5 24. h3 e6 25. Nc3 Qa5 26. Bc4 Rfc8 27. hxg4 hxg4 28. Rg3
Nd7 29. Bd3 Bxc3 30. Qe2 Kg7 31. Qxg4 Rh8+ 32. Rh3 Nf6 33. Qf3 Rxh3+ 34. gxh3
Rh8 35. Kg2 e5 36. f5 Nh5 37. Bh2 Bd4 38. Rd1 Qd8 39. Rf1 Qg5+ 40. Qg4 Qd2+ 41.
Qe2 Qg5+ 42. Qg4 Qxg4+ 43. hxg4 Nf6 44. fxg6 Nxg4 45. Rxf7+ Kxg6 46. Rxb7 Nxh2
47. Rd7 Ng4 48. b6 Nf6 49. Rxd6 Rb8 0-1

[Event "World Senior 65+ 2014"]
[Site "Katerini GRE"]
[Date "2014.10.31"]
[Round "7.6"]
[White "Morriss, Pete"]
[Black "Vasiukov, Evgeni"]
[Result "1-0"]
[BlackTitle "GM"]
[WhiteElo "2032"]
[BlackElo "2448"]
[WhiteFideId "2500230"]
[BlackFideId "4100522"]
[EventDate "2014.10.24"]

1. b4 e5 2. Bb2 Bxb4 3. Bxe5 Nf6 4. a3 Ba5 5. c4 O-O 6. e3 d5 7. cxd5 Nbd7 8.
Bc3 Bb6 9. d6 cxd6 10. Nf3 Nc5 11. Be2 Be6 12. Nd4 Bd7 13. a4 Nfe4 14. O-O Nxc3
15. Nxc3 Ba5 16. Nd5 a6 17. Bf3 Rc8 18. Qb1 Bxd2 19. Rd1 Ba5 20. Nf5 Bxf5 21.
Qxf5 Rb8 22. Rd4 g6 23. Qh3 Kg7 24. Rad1 Qd7 25. Qh4 Bd8 26. Qg3 Nxa4 27. Nf4
Be7 28. Nh5+ Kh8 29. Rxd6 Bxd6 30. Rxd6 Qe7 31. Nf6 Rbc8 32. Qh4 Rc1+ 33. Rd1
Rxd1+ 34. Bxd1 h5 35. Qg5 1-0

[Event "World Senior 65+ 2014"]
[Site "Katerini GRE"]
[Date "2014.10.31"]
[Round "7.7"]
[White "Filipenko, Alexander V"]
[Black "Bibilashvili, Giorgi"]
[Result "1/2-1/2"]
[WhiteTitle "IM"]
[WhiteElo "2292"]
[BlackElo "2169"]
[WhiteFideId "4104471"]
[BlackFideId "13601873"]
[EventDate "2014.10.24"]

1. e4 e5 2. Nf3 Nc6 3. Bb5 f5 4. Nc3 fxe4 5. Nxe4 d5 6. Nxe5 dxe4 7. Nxc6 Qg5 8.
Qe2 Nf6 9. Nxa7+ Bd7 10. Bxd7+ Nxd7 11. f4 Qxf4 12. d4 Qf5 13. Nb5 Bd6 14. Rf1
Qe6 15. Nxd6+ cxd6 16. Qh5+ g6 17. Qh4 Rf8 18. Rxf8+ Nxf8 19. Bh6 Nd7 20. b3 Kf7
21. Qh3 Qxh3 22. gxh3 Ra5 23. Bf4 Ke6 24. c4 Rf5 25. d5+ Ke7 26. Bg3 Rf3 27. Kd2
g5 28. Re1 Nf6 29. Re3 Rf1 30. h4 g4 31. h5 Ra1 32. a4 Ra2+ 33. Kc3 Kd7 34. h6
Ke7 35. Kb4 Rd2 36. Bh4 Kf7 37. Bxf6 Kxf6 38. Rxe4 Kg5 39. Re7 Kxh6 40. Rxb7
Rxh2 41. Rd7 g3 42. Rxd6+ Kg7 43. Rd7+ Kg6 44. Rd8 Kf7 45. Rd7+ Kg6 1/2-1/2

[Event "World Senior 65+ 2014"]
[Site "Katerini GRE"]
[Date "2014.10.31"]
[Round "7.8"]
[White "Malisov, Boris"]
[Black "Batakovs, Olegs"]
[Result "1/2-1/2"]
[WhiteElo "2250"]
[BlackElo "2098"]
[WhiteFideId "2802503"]
[BlackFideId "11600888"]
[EventDate "2014.10.24"]

1. d4 Nf6 2. Nf3 g6 3. Nc3 d6 4. e4 Bg4 5. h3 Bxf3 6. Qxf3 c6 7. e5 Nfd7 8. Bc4
e6 9. exd6 Bxd6 10. Ne4 Be7 11. c3 Nf6 12. O-O Nxe4 13. Qxe4 O-O 14. Bh6 Re8 15.
Rfe1 Nd7 16. Rad1 Bg5 17. Bxg5 Qxg5 18. h4 Qf5 19. g3 Qxe4 20. Rxe4 h5 21. Kg2
Rad8 22. Bb3 Nf6 23. Re5 Rd6 24. f3 Red8 25. Ra5 a6 26. Kf2 Kg7 27. Re1 Nd5 28.
g4 hxg4 29. fxg4 Rh8 30. Kg3 Rhd8 31. Bc2 Nf6 32. Rae5 Nd5 33. h5 Ne7 34. Rf1
Rh8 35. hxg6 Nxg6 36. Rh5 Rdd8 37. Rfh1 Rxh5 38. gxh5 Rh8 39. Rh2 Ne7 40. Kh4 f6
41. Re2 Kf7 42. Bb3 Nd5 43. Rf2 Rg8 44. Bc2 f5 45. Bd1 Rg1 46. Bf3 Kf6 47. Rg2
Rxg2 48. Bxg2 Ne3 49. Bf3 Nc4 50. b3 Nd2 51. Bg2 Nb1 52. c4 Nc3 53. a3 a5 54. h6
Kg6 55. h7 Kxh7 56. Kg5 Kg7 57. d5 cxd5 58. cxd5 Kf7 59. dxe6+ Kxe6 60. Bxb7 Nb5
61. b4 1/2-1/2

[Event "World Senior 65+ 2014"]
[Site "Katerini GRE"]
[Date "2014.10.31"]
[Round "7.9"]
[White "Peretz, Malkiel"]
[Black "Koryabkin, Valery"]
[Result "1-0"]
[WhiteTitle "FM"]
[WhiteElo "2240"]
[BlackElo "2072"]
[WhiteFideId "2800446"]
[BlackFideId "24113115"]
[EventDate "2014.10.24"]

1. e4 c5 2. Nf3 e6 3. d4 cxd4 4. Nxd4 a6 5. Bd3 Nf6 6. c4 Qc7 7. O-O Nc6 8. Nxc6
dxc6 9. Be3 e5 10. h3 Be7 11. Nc3 O-O 12. Rc1 Rd8 13. Qe2 Qa5 14. Bd2 Qc7 15.
Rfd1 Bc5 16. Bg5 Rd6 17. Na4 Bd4 18. c5 Rd8 19. Bc4 Qe7 20. Rd3 Be6 21. Rf3 Bxc4
22. Rxc4 Qe6 23. Rb4 Rab8 24. Rbb3 Kf8 25. Rf5 Nd7 26. Bxd8 Rxd8 27. Rxb7 Qxa2
28. Qc2 f6 29. Kh2 Ke7 30. Rf3 Qa1 31. Nb6 Qe1 32. b4 h5 33. Qa2 Qf1 34. Nxd7
Rxd7 35. Rxd7+ Kxd7 36. Qf7+ Kc8 37. Qf8+ 1-0

[Event "World Senior 65+ 2014"]
[Site "Katerini GRE"]
[Date "2014.10.31"]
[Round "7.10"]
[White "Kolbak, Jens"]
[Black "Reynolds, D Ian W"]
[Result "1-0"]
[WhiteElo "2232"]
[BlackElo "2006"]
[WhiteFideId "1400339"]
[BlackFideId "410705"]
[EventDate "2014.10.24"]

1. Nf3 Nf6 2. d4 e6 3. g3 c5 4. Bg2 Nc6 5. O-O d5 6. c4 dxc4 7. Qa4 Qa5 8. Qxc4
cxd4 9. Nxd4 Nxd4 10. Qxd4 Bc5 11. Qc4 Qc7 12. Be3 Bb6 13. Qxc7 Bxc7 14. Na3 Nd5
15. Nb5 Nxe3 16. Nxc7+ 1-0

[Event "World Senior 65+ 2014"]
[Site "Katerini GRE"]
[Date "2014.10.31"]
[Round "7.11"]
[White "Skalkotas, Nikolaos"]
[Black "Gergel, Vladimir P"]
[Result "1/2-1/2"]
[WhiteTitle "IM"]
[BlackTitle "FM"]
[WhiteElo "2150"]
[BlackElo "2202"]
[WhiteFideId "4200144"]
[BlackFideId "14100550"]
[EventDate "2014.10.24"]

1. Nf3 Nf6 2. c4 e6 3. g3 b6 4. Bg2 Bb7 5. O-O Be7 6. Nc3 O-O 7. Re1 d6 8. e4 c5
9. d4 a6 10. b3 Qc7 11. Bb2 Nbd7 12. Rc1 Rad8 13. Qc2 Ng4 14. d5 e5 15. Rcd1 Bc8
16. Bc1 Kh8 17. Bh3 Ndf6 18. Kg2 g6 19. Qe2 h5 20. Ng5 Nh7 21. Nxh7 Kxh7 22. f3
Nh6 23. Bxc8 Qxc8 24. f4 Bf6 25. f5 gxf5 26. Qxh5 f4 27. gxf4 Rg8+ 28. Kf3 Qg4+
29. Qxg4 Nxg4 30. f5 Nxh2+ 31. Ke2 Rg2+ 32. Kd3 Rdg8 33. Rd2 R8g3+ 34. Kc2 Nf3
35. Rh1+ Kg7 36. Rxg2 Rxg2+ 37. Kd3 Bg5 38. Bxg5 Nxg5 39. Rb1 b5 40. b4 Rg3+ 41.
Kc2 bxc4 42. bxc5 Rg2+ 43. Kc1 dxc5 44. Rb8 Rg3 45. Rb1 Rg2 1/2-1/2

[Event "World Senior 65+ 2014"]
[Site "Katerini GRE"]
[Date "2014.10.31"]
[Round "7.12"]
[White "Kratschmer, Heinz"]
[Black "Rooze, Jan"]
[Result "0-1"]
[BlackTitle "IM"]
[WhiteElo "2109"]
[BlackElo "2341"]
[WhiteFideId "1606670"]
[BlackFideId "200050"]
[EventDate "2014.10.24"]

1. d4 Nf6 2. Nf3 e6 3. c4 Bb4+ 4. Nbd2 b6 5. g3 Bb7 6. Bg2 O-O 7. O-O Bxd2 8.
Qxd2 d6 9. b3 Nbd7 10. Bb2 Qe7 11. Rfd1 Rae8 12. e3 Qd8 13. Rac1 Qa8 14. Ne1
Bxg2 15. Nxg2 Ne4 16. Qe2 f5 17. f3 Ng5 18. Ne1 Rf6 19. h4 Nf7 20. f4 Rg6 21.
Qg2 Nf6 22. Nf3 Ne4 23. Ng5 Nfxg5 24. fxg5 h6 25. d5 hxg5 26. h5 Rh6 27. g4 e5
28. gxf5 Nf6 29. Kf2 Qc8 30. e4 Kf7 31. Rh1 Reh8 32. Ke3 Rxh5 33. Rxh5 Rxh5 34.
Rh1 Qh8 35. Rxh5 Qxh5 36. Bc1 Qd1 37. Bd2 g4 38. Qf2 Qc2 39. Qg2 Qxa2 0-1

[Event "World Senior 65+ 2014"]
[Site "Katerini GRE"]
[Date "2014.10.31"]
[Round "7.13"]
[White "Klundt, Klaus"]
[Black "Meizlin, Yaacov"]
[Result "1-0"]
[WhiteTitle "IM"]
[WhiteElo "2325"]
[BlackElo "2105"]
[WhiteFideId "4600436"]
[BlackFideId "2812185"]
[EventDate "2014.10.24"]

1. e4 c5 2. Nf3 Nc6 3. Nc3 g6 4. d4 cxd4 5. Nxd4 Bg7 6. Be3 Nf6 7. Bc4 O-O 8.
Bb3 Ng4 9. Qxg4 Nxd4 10. Qd1 Nc6 11. Qd2 b5 12. Bh6 Rb8 13. h4 e6 14. Bxg7 Kxg7
15. h5 g5 16. O-O-O a5 17. a4 bxa4 18. Nxa4 Qf6 19. g3 Rb4 20. Rhe1 Nd4 21. e5
Qf5 22. Re3 Bb7 23. Qd3 Be4 24. Qc3 Nxb3+ 25. cxb3 Bd5 26. Nc5 Qxf2 27. Red3 Kh6
28. Rxd5 exd5 29. Nxd7 Re8 30. Nf6 Qb6 31. Nxe8 Rxb3 32. Qc2 Rb5 33. Kb1 1-0

[Event "World Senior 65+ 2014"]
[Site "Katerini GRE"]
[Date "2014.10.31"]
[Round "7.14"]
[White "Pushkov, Nikolai"]
[Black "Zhelesny, Stanislav"]
[Result "1-0"]
[WhiteTitle "GM"]
[BlackTitle "FM"]
[WhiteElo "2306"]
[BlackElo "2083"]
[WhiteFideId "4117131"]
[BlackFideId "4115244"]
[EventDate "2014.10.24"]

1. c4 Nf6 2. d4 g6 3. f3 d5 4. cxd5 Nxd5 5. e4 Nb6 6. Nc3 Bg7 7. Be3 e5 8. d5 c6
9. Qb3 cxd5 10. Bxb6 axb6 11. Bb5+ Bd7 12. Bxd7+ Nxd7 13. Nxd5 O-O 14. Ne2 Nc5
15. Qb5 Ra5 16. Qc4 Ne6 17. O-O Rc5 18. Qb3 b5 19. Qd3 Nc7 20. Nec3 Nxd5 21.
Nxd5 Re8 22. Rfd1 Kh8 23. b4 Rc4 24. a4 Qd7 25. Kh1 h6 26. axb5 Rd4 27. Qe2 f5
28. Rdc1 Rc8 29. Rc5 Rf8 30. Rc7 Qd8 31. Rxb7 fxe4 32. fxe4 Qh4 33. Nc3 Rf2 34.
Qe1 Rdd2 35. Ra8+ Kh7 36. Raa7 Rf7 37. Qg1 Rxb7 38. Rxb7 Rc2 39. Rc7 Rf2 40. b6
Qf4 41. Nd5 Qf8 42. Rc1 Re2 43. b7 Qb8 44. Qf1 Rxe4 45. Qf7 Qd6 46. Nf6+ 1-0

[Event "World Senior 65+ 2014"]
[Site "Katerini GRE"]
[Date "2014.10.31"]
[Round "7.15"]
[White "Wahlbom, Magnus"]
[Black "Gromark, Per-Olof"]
[Result "1/2-1/2"]
[WhiteElo "2283"]
[BlackElo "2050"]
[WhiteFideId "1700685"]
[BlackFideId "1722433"]
[EventDate "2014.10.24"]

1. Nf3 Nf6 2. d4 e6 3. c4 d5 4. g3 Bb4+ 5. Bd2 Be7 6. Bg2 O-O 7. O-O c6 8. Qc2
Nbd7 9. Bf4 b6 10. Nbd2 Ba6 11. Rac1 Rc8 12. Rfd1 c5 13. Qa4 Bb7 14. Qxa7 Bc6
15. Qa3 Ra8 16. Qc3 Rxa2 17. Ne5 Bb7 18. Nxd7 Qxd7 19. Nf3 Qa4 20. Ne5 cxd4 21.
Rxd4 Qa8 22. Bf3 Rc8 23. Qb3 Bc5 24. Rdd1 Ra7 25. Bg5 dxc4 26. Rxc4 Bxf3 27.
Nxf3 Rd8 28. Bxf6 Rxd1+ 29. Qxd1 Ra1 30. Rc1 Rxc1 31. Qxc1 gxf6 32. Kg2 Qe4 33.
Qd2 Kg7 34. Kg1 Qb1+ 35. Kg2 Qe4 36. Qd1 b5 37. e3 b4 38. b3 Be7 39. h3 Qc6 40.
Qd3 f5 41. Qd4+ 1/2-1/2

[Event "World Senior 65+ 2014"]
[Site "Katerini GRE"]
[Date "2014.10.31"]
[Round "7.16"]
[White "Agzamov, Valeriy"]
[Black "Marcovici, Adrian"]
[Result "1/2-1/2"]
[WhiteElo "2191"]
[BlackElo "2042"]
[WhiteFideId "14200449"]
[BlackFideId "2801175"]
[EventDate "2014.10.24"]

1. e4 c5 2. Nf3 a6 3. c3 d5 4. exd5 Qxd5 5. d4 Nf6 6. Be2 e6 7. O-O Nc6 8. Be3
cxd4 9. cxd4 Be7 10. Nc3 Qd8 11. a3 O-O 12. Qd2 b5 13. Rfd1 Na5 14. Qe1 Nb3 15.
Rab1 Bb7 16. Rd3 Na5 17. Ne5 Rc8 18. Rbd1 Nc4 19. Bc1 Qc7 20. Nxc4 bxc4 21. Rh3
Rfd8 22. Bf1 Nd5 23. Qe4 g6 24. Qg4 h5 25. Qe2 Nf4 26. Bxf4 Qxf4 27. d5 Qf6 28.
dxe6 fxe6 29. Rxd8+ Bxd8 30. Re3 Kf7 31. Ne4 Bxe4 32. Rxe4 Bb6 33. g3 Rc5 34.
Rf4 Rf5 35. Qxc4 Qxb2 36. Bd3 Rxf4 37. Qxf4+ Qf6 1/2-1/2

[Event "World Senior 65+ 2014"]
[Site "Katerini GRE"]
[Date "2014.10.31"]
[Round "7.17"]
[White "Acosta, Mariano USA"]
[Black "Frumson, Yury"]
[Result "0-1"]
[BlackTitle "FM"]
[WhiteElo "1942"]
[BlackElo "2179"]
[WhiteFideId "2008629"]
[BlackFideId "4116402"]
[EventDate "2014.10.24"]

1. d4 d5 2. Nf3 Nf6 3. c3 c6 4. Bf4 Bf5 5. Nbd2 Nbd7 6. e3 e6 7. Nh4 Be4 8. Qb3
Nh5 9. Bg3 Nxg3 10. hxg3 Qc7 11. O-O-O h6 12. Nhf3 Bg6 13. Be2 Be7 14. Nh4 Bh7
15. f4 O-O-O 16. Qa4 Kb8 17. b4 f6 18. Nhf3 e5 19. Ne1 Rhe8 20. Bd3 Bxd3 21.
Nxd3 Bf8 22. Rde1 Ka8 23. Kb2 b6 24. Qb3 Qd6 25. Ka1 c5 26. Qa4 Rc8 27. bxc5
bxc5 28. Nb2 Nb6 29. dxe5 fxe5 30. Qc2 e4 31. c4 Qc6 32. Nb3 g6 33. Na5 Qf6 34.
Re2 Bg7 35. Rb1 Qe6 36. Rbe1 Rb8 37. cxd5 Nxd5 38. Nc4 Nb4 39. Qa4 Qxc4 0-1

[Event "World Senior 65+ 2014"]
[Site "Katerini GRE"]
[Date "2014.10.31"]
[Round "7.18"]
[White "Harding, Tim D"]
[Black "Serra Olives, Tomas"]
[Result "0-1"]
[BlackTitle "FM"]
[WhiteElo "2095"]
[BlackElo "2156"]
[WhiteFideId "2500256"]
[BlackFideId "2203774"]
[EventDate "2014.10.24"]

1. d4 Nf6 2. Nc3 c5 3. dxc5 Nc6 4. e4 Qa5 5. Bd3 e6 6. Nf3 Bxc5 7. O-O O-O 8. e5
Ng4 9. Bxh7+ Kh8 10. Bf4 g6 11. Ne4 Be7 12. Qd3 Kg7 13. h3 Ngxe5 14. Nxe5 Nxe5
15. Qg3 d6 16. Rad1 Kxh7 17. Ng5+ Kg7 18. Qh4 Rh8 19. Nxe6+ Bxe6 20. Qxe7 Rad8
21. Bg5 Nd7 22. Bd2 Qf5 23. Bc3+ Nf6 24. g4 Qg5 25. f4 Qh4 26. Rf3 Rd7 27. Qxd7
Bxd7 28. g5 Re8 29. Rxd6 Re1+ 30. Kg2 Bc6 31. Bxf6+ Kh7 32. Rxc6 Re2+ 33. Kg1
Qe1+ 34. Rf1 Qg3+ 0-1

[Event "World Senior 65+ 2014"]
[Site "Katerini GRE"]
[Date "2014.10.31"]
[Round "7.19"]
[White "Doubleday, William G."]
[Black "Archangelsky, Mikhail"]
[Result "1/2-1/2"]
[BlackTitle "IM"]
[WhiteElo "2057"]
[BlackElo "2149"]
[WhiteFideId "2682419"]
[BlackFideId "4117573"]
[EventDate "2014.10.24"]

1. d4 Nf6 2. c4 c5 3. Nf3 cxd4 4. Nxd4 e5 5. Nb5 d5 6. cxd5 Bc5 7. e3 O-O 8.
N1c3 a6 9. Na3 b5 10. Nc2 Bf5 11. Be2 Nbd7 12. a3 Rc8 13. f3 Bxc2 14. Qxc2 e4
15. fxe4 Re8 16. Bf3 Ne5 17. O-O Nfg4 18. Qe2 Qh4 19. Bxg4 Nxg4 20. h3 Ne5 21.
Bd2 Nc4 22. Bc1 Bd6 23. Qf2 Qe7 24. Qf5 f6 25. Ne2 Qxe4 26. Qxe4 Rxe4 27. Nc3
Re7 28. e4 Be5 29. Ra2 Bxc3 30. bxc3 Rxe4 31. a4 Rd8 32. axb5 axb5 33. Rd1 Re5
34. Bf4 Rexd5 35. Rxd5 Rxd5 36. Kf2 g5 37. Bb8 Kf7 38. Ba7 Kg6 39. Bd4 h5 40.
Ra6 Rf5+ 41. Kg1 h4 42. Rc6 Nd2 43. Rb6 Ne4 44. Kh2 Ng3 45. Rb7 Ne2 46. Rb6 Nxd4
47. cxd4 Rd5 48. g3 Rxd4 49. gxh4 b4 50. hxg5 Kxg5 51. Kg3 Rd3+ 52. Kg2 b3 53.
h4+ Kg4 54. Kf2 Rd2+ 55. Ke3 Rh2 56. Rxf6 b2 57. Rb6 Kxh4 58. Ke4 1/2-1/2

[Event "World Senior 65+ 2014"]
[Site "Katerini GRE"]
[Date "2014.10.31"]
[Round "7.20"]
[White "Vogel, Jaap"]
[Black "Khazankin, Moisei"]
[Result "1/2-1/2"]
[WhiteTitle "FM"]
[WhiteElo "2239"]
[BlackElo "2039"]
[WhiteFideId "1000764"]
[BlackFideId "14115271"]
[EventDate "2014.10.24"]

1. d4 Nf6 2. Nf3 c5 3. d5 b5 4. Bg5 Qb6 5. a4 b4 6. a5 Qc7 7. Bxf6 exf6 8. e4
Bd6 9. Nbd2 O-O 10. Bd3 Re8 11. O-O Bf4 12. Re1 d6 13. Bb5 Nd7 14. Nc4 Rb8 15.
Bc6 Re7 16. Bxd7 Bxd7 17. Qd3 Bb5 18. g3 Be5 19. c3 Qc8 20. Nfd2 Qg4 21. Nxe5
fxe5 22. Qe3 1/2-1/2

[Event "World Senior 65+ 2014"]
[Site "Katerini GRE"]
[Date "2014.10.31"]
[Round "7.21"]
[White "Bondar, Leonid"]
[Black "Malmdin, Nils-Ake"]
[Result "1/2-1/2"]
[BlackTitle "FM"]
[WhiteElo "2061"]
[BlackElo "2208"]
[WhiteFideId "2006227"]
[BlackFideId "1701584"]
[EventDate "2014.10.24"]

1. e4 g6 2. d4 Bg7 3. Nf3 d6 4. h3 Nf6 5. Bd3 O-O 6. O-O Nc6 7. c3 e5 8. Be3 d5
9. dxe5 Nxe4 10. Bf4 Nc5 11. Bc2 Ne6 12. Bg3 Ng5 13. Nbd2 Be6 14. Re1 1/2-1/2

[Event "World Senior 65+ 2014"]
[Site "Katerini GRE"]
[Date "2014.10.31"]
[Round "7.22"]
[White "Borwell, Alan P"]
[Black "Hohler, Peter"]
[Result "1/2-1/2"]
[BlackTitle "FM"]
[WhiteElo "2032"]
[BlackElo "2187"]
[WhiteFideId "2402335"]
[BlackFideId "1300296"]
[EventDate "2014.10.24"]

1. e4 e5 2. Bc4 Nf6 3. d3 c6 4. Nf3 d5 5. Bb3 Bd6 6. Nc3 dxe4 7. dxe4 O-O 8. h3
Na6 9. Bg5 Nc5 10. O-O Qe7 11. Qe2 Be6 12. Rad1 Bc7 13. Nh4 h6 14. Bc1 a5 15.
Qf3 Nh7 16. Qg3 Qf6 17. f4 exf4 18. Bxf4 Bxf4 19. Rxf4 Qg5 20. Qf2 a4 21. Bxe6
Nxe6 22. Rg4 Qe5 23. Nf5 h5 24. Rg3 a3 25. b3 Qc7 26. Rf1 g6 27. Ne2 Rad8 28.
Qe3 Qe5 29. Nh6+ Kg7 30. Nf5+ Kh8 31. Qh6 gxf5 32. Rxf5 1/2-1/2

[Event "World Senior 65+ 2014"]
[Site "Katerini GRE"]
[Date "2014.10.31"]
[Round "7.23"]
[White "Titz, Heimo"]
[Black "Carlsten, Peter"]
[Result "1/2-1/2"]
[WhiteTitle "FM"]
[WhiteElo "2158"]
[BlackElo "2031"]
[WhiteFideId "1601520"]
[BlackFideId "1705067"]
[EventDate "2014.10.24"]

1. Nf3 f5 2. d4 Nf6 3. g3 g6 4. Bg2 Bg7 5. c4 O-O 6. Nc3 d6 7. O-O Qe8 8. d5 Na6
9. Rb1 Bd7 10. Nd4 c6 11. e3 Nc7 12. dxc6 bxc6 13. b4 Rc8 14. a4 e5 15. Nde2 Qe6
16. Qb3 d5 17. cxd5 Ncxd5 18. Ba3 Nxc3 19. Nxc3 Qxb3 20. Rxb3 Be6 21. Rbb1 Rfd8
22. Rfd1 Rxd1+ 23. Rxd1 Bf8 24. a5 e4 25. f3 Nd5 1/2-1/2

[Event "World Senior 65+ 2014"]
[Site "Katerini GRE"]
[Date "2014.10.31"]
[Round "7.24"]
[White "Danielsson, Robert"]
[Black "Andreas, Guenter"]
[Result "1/2-1/2"]
[WhiteElo "2115"]
[BlackElo "1992"]
[WhiteFideId "1711490"]
[BlackFideId "24625760"]
[EventDate "2014.10.24"]

1. d4 f5 2. Nf3 Nf6 3. g3 g6 4. Bg2 Bg7 5. O-O d5 6. c4 c6 7. Qc2 O-O 8. b3 Re8
9. Bb2 e6 10. e3 Nbd7 11. Re1 Ne4 12. Ne5 Ndf6 13. f3 Nd6 14. Nd2 Nf7 15. Nxf7
Kxf7 16. e4 Bd7 17. Re2 Qb6 18. Rae1 Rac8 19. Qd3 Qa6 20. Ra1 b5 21. c5 Qb7 1/2-1/2